00840nam a2200253 a 450000100060000000300090000600800410001502000180005604000280007404100080010210000220011024501120013225000110024426000540025530000270030949000450033665000330038165000240041465000390043865000240047765000370050170000230053870000250056124378CO-ViMGA141112s2004 ck r 000 u spa d a9789583801679 aCO-ViMGAbspacCO-ViMGA aSPA1 aFox, Mem, 1946 - 10aQué crees? / ctexto de Mem Fox ; traducción de Diana Luz Sánchez ; ilustraciones de Vivienne Goodman a1a ed. aBogotá : bFondo de Cultura Económica, c2011 a26 p. : il. col. : il. aLos especiales de A la orilla del viento14aBRUJAS - LIBROS DE IMAGENES 14aDESDE LOS 6 AÑOS 14aLEER ES MI CUENTO - COLECCION 201114aLIBROS DE IMAGENES 14aLITERATURA INFANTIL AUSTRALIANA 1 aGoodman, Vivienne 1 aSánchez, Diana Luz